000 00783nam a2200241 4500
001 11033
003 HDC
007 cr bn ---aaaaa
008 210206c dr|noo 0 a eng d
040 _aHDC
245 0 _aKolej Uniti jalin kerjasama Universiti Fatoni
260 _a[No place] :
_bUtusan Malaysia Online,
_c[no year]
336 _atext
_2rdacontent
337 _acomputer
_2rdamedia
338 _aonline resource
_2rdacarrier
650 _aEducations
_99268
650 _aHalal product
_948
710 _aUtusan Malaysia Online
856 _zRequest full-text at [email protected]
942 _2lcc
942 _cNEWS
942 _kNWSO 002219
999 _c8356
_d8356